Hacienda pública / (Record no. 58370)

MARC details
000 -LEADER
campo de control de longitud fija 00693nam a2200205 i 4500
001 - NÚMERO DE CONTROL
campo de control 58370
003 - IDENTIFICADOR DE NÚMERO DE CONTROL
campo de control ES-MaACL
005 - FECHA Y HORA DE LA ÚLTIMA TRANSACCIÓN
campo de control 20250920063040.0
007 - CAMPO FIJO DE DESCRIPCIÓN FÍSICA--INFORMACIÓN GENERAL
campo de control de longitud fija t|
008 - DATOS DE LONGITUD FIJA--INFORMACIÓN GENERAL
campo de control de longitud fija 031022s1968 sp ||||1| spa d
100 1# - ENTRADA PRINCIPAL--NOMBRE DE PERSONA
Nombre de persona Duverger, Maurice,
Fechas asociadas al nombre 1917-2014
9 (RLIN) 46383
245 10 - MENCIÓN DEL TÍTULO
Título Hacienda pública /
Mención de responsabilidad, etc. Maurice Duverger ; traducción de José Luis Ruiz Travesi ; prólogo Matías Cortés Domínguez.
260 ## - PUBLICACIÓN, DISTRIBUCIÓN, ETC.
Lugar de publicación, distribución, etc. Barcelona :
Nombre del editor, distribuidor, etc. Bosch,
Fecha de publicación, distribución, etc. [1968]
300 ## - DESCRIPCIÓN FÍSICA
Extensión 445 p. ;
Dimensiones 23 cm.
650 #7 - PUNTO DE ACCESO ADICIONAL DE MATERIA--TÉRMINO DE MATERIA
Término de materia o nombre geográfico como elemento de entrada Hacienda pública
Fuente del encabezamiento o término embne
9 (RLIN) 13279
700 1# - ENTRADA AGREGADA--NOMBRE PERSONAL
Nombre de persona Ruiz Travesi, José Luis.
9 (RLIN) 100941
700 1# - ENTRADA AGREGADA--NOMBRE PERSONAL
Nombre de persona Cortés Domínguez, Matías.
9 (RLIN) 40883
852 ## - LOCALIZACIÓN
Ubicación ES-MaACL
Número de control de estantería C-34574
Sublocalización o colección R.66640
Holdings
Estatus retirado Estado de pérdida Estado de daño No para préstamo Biblioteca de origen Biblioteca actual Ubicación en estantería Fecha de adquisición Fuente de adquisición Total de préstamos Signatura topográfica completa Código de barras Visto por última vez Precio de reemplazo Tipo de ítem Koha
        Biblioteca del Ateneo de Madrid Biblioteca del Ateneo de Madrid Depósito 2 17/01/2008     C-34574 1061248 23/02/2023 23/02/2023 Libro impreso